Southville International School and Colleges
Your cart is empty.
  • Cart
  • Lists
    Public lists Eva Luna New books Lux_list list_1
    Your lists Log in to create your own lists
  • Log in to your account
  • Your cookies
  • Search history
Southville International School and Colleges
  • Advanced search
  • Recent comments
  • Most popular
  • Libraries

Log in to your account

Log in with GOOGLE


If you do not have an external account, but do have a local account, you can still log in:

  1. Home
  2. MARC view: Flames over Baler :
Normal view MARC view ISBD view

Flames over Baler : (Record no. 276907)

[ view plain ]
MARC details
000 -LEADER
fixed length control field 01132cam a2200289 a 4500
001 - CONTROL NUMBER
control field 17638837
005 - DATE AND TIME OF LATEST TRANSACTION
control field 20141210115553.0
008 - FIXED-LENGTH DATA ELEMENTS--GENERAL INFORMATION
fixed length control field 130227s2012 ph a b f001 0 eng
010 ## - LIBRARY OF CONGRESS CONTROL NUMBER
LC control number 2012325353
020 ## - INTERNATIONAL STANDARD BOOK NUMBER
International Standard Book Number 9789715426794
040 ## - CATALOGING SOURCE
Original cataloging agency DLC
Transcribing agency DLC
042 ## - AUTHENTICATION CODE
Authentication code lcode
-- pcc
043 ## - GEOGRAPHIC AREA CODE
Geographic area code a-ph---
050 00 - LIBRARY OF CONGRESS CALL NUMBER
Classification number DS 689.B3
Item number .M33 2012
100 1# - MAIN ENTRY--PERSONAL NAME
Personal name Madrid, Carlos
Titles and other words associated with a name (Curator)
245 10 - TITLE STATEMENT
Title Flames over Baler :
Remainder of title the story of the siege of Baler, reconstructed from original documentary sources /
Statement of responsibility, etc Carlos Madrid ; foreword by Edgardo J. Angara.
260 ## - PUBLICATION, DISTRIBUTION, ETC. (IMPRINT)
Place of publication, distribution, etc Diliman, Quezon City :
Name of publisher, distributor, etc University of the Philippines Press,
Date of publication, distribution, etc 2012.
300 ## - PHYSICAL DESCRIPTION
Extent x, 228 p. :
Other physical details ill. ;
Dimensions 23 cm.
500 ## - GENERAL NOTE
General note Revision of the author's thesis (doctoral)--Madrid.
504 ## - BIBLIOGRAPHY, ETC. NOTE
Bibliography, etc Includes bibliographical references (p. [210]-224) and index.
651 #0 - SUBJECT ADDED ENTRY--GEOGRAPHIC NAME
Geographic name Baler (Philippines)
General subdivision History
Chronological subdivision Siege, 1898-1899
Form subdivision Sources.
651 #0 - SUBJECT ADDED ENTRY--GEOGRAPHIC NAME
Geographic name Baler (Philippines)
General subdivision History
Form subdivision Sources.
651 #0 - SUBJECT ADDED ENTRY--GEOGRAPHIC NAME
Geographic name Philippines
General subdivision History
Chronological subdivision Revolution, 1896-1898
Form subdivision Sources.
906 ## - LOCAL DATA ELEMENT F, LDF (RLIN)
a 7
b cbc
c origode
d 3
e ncip
f 20
g y-gencatlg
942 ## - ADDED ENTRY ELEMENTS (KOHA)
Source of classification or shelving scheme Library of Congress Classification
Koha item type Books
Call number prefix Filipininana
Holdings
Withdrawn status Lost status Source of classification or shelving scheme Damaged status Home library Current library Shelving location Date acquired Source of acquisition Cost, normal purchase price Sub Shelving location Total Checkouts Full call number Barcode Date last seen Price effective from Koha item type
    Library of Congress Classification   College Library College Library Filipiniana Section 12/10/2014 Library Fund 450.00     DS 689.B3 .M33 2012 C18997 05/08/2018 12/10/2014 Books

Flames over Baler :

APA

Madrid C., . (2012). Flames over Baler. Diliman, Quezon City: University of the Philippines Press.

Chicago

Madrid Carlos, . 2012. Flames over Baler. Diliman, Quezon City: University of the Philippines Press.

Harvard

Madrid C., . (2012). Flames over Baler. Diliman, Quezon City: University of the Philippines Press.

MLA

Madrid Carlos, . Flames over Baler. Diliman, Quezon City: University of the Philippines Press. 2012.

  • Place hold
  • Print
  • Cite
  • Add to your cart (remove)
  • Save record
    BIBTEX Dublin Core MARCXML MARC (non-Unicode/MARC-8) MARC (Unicode/UTF-8) MARC (Unicode/UTF-8, Standard) MODS (XML) RIS
  • More searches
    Search for this title in:
    Other Libraries (WorldCat) Other Databases (Google Scholar) Online Stores (Bookfinder.com) Open Library (openlibrary.org)

Exporting to Dublin Core...

SOUTHVILLE LIBRARY

Southville International School and Colleges Library

1281 Tropical Ave. Cor. Luxembourg St., BF Homes International, Las Pinas City

Tel. No. 8256374 / 252358 Loc. 117/146

Powered by Koha